Central Library OPAC University of Rajshahi

Parliamentary reform, 1933-1958 : (Record no. 46473)

MARC details
000 -LEADER
fixed length control field 00773nam a2200229 a 4500
001 - CONTROL NUMBER
control field 46473
003 - CONTROL NUMBER IDENTIFIER
rucl marc code BD-RjUL
005 - DATE AND TIME OF LATEST TRANSACTION
control field 20211209054145.0
008 - FIXED-LENGTH DATA ELEMENTS--GENERAL INFORMATION
fixed length control field 160802s1959 enk 0 eng d
035 ## - SYSTEM CONTROL NUMBER
System control number (BD-RjUL)46591
040 ## - CATALOGING SOURCE
Original cataloging agency NUN
Language of cataloging eng
Transcribing agency NUN
041 ## - LANGUAGE CODE
Language code of text/sound track or separate title eng
082 04 - DEWEY DECIMAL CLASSIFICATION NUMBER
Classification number 328.42
Edition number 23
Author mark and year HAP 1959
110 2# - MAIN ENTRY--CORPORATE NAME
Corporate name or jurisdiction name as entry element Hansard Society for Parliamentary Government.
9 (RLIN) 128873
245 10 - TITLE STATEMENT
Title Parliamentary reform, 1933-1958 :
Remainder of title a survey of suggested reforms. /
Statement of responsibility, etc. Hansard Society for Parliamentary Government.
260 ## - PUBLICATION, DISTRIBUTION, ETC. (IMPRINT)
Place of publication, distribution, etc. London :
Name of publisher, distributor, etc. Hansard Soc. for Parl. Govt.,,
Date of publication, distribution, etc. 1959.
300 ## - PHYSICAL DESCRIPTION
Pagination [20], 246 p ;
Size 27 cm.
500 ## - GENERAL NOTE
General note Include index
610 10 - SUBJECT ADDED ENTRY--CORPORATE NAME
Corporate name or jurisdiction name as entry element Great Britain.
Subordinate unit Parliament
710 ## - ADDED ENTRY--CORPORATE NAME
Corporate name or jurisdiction name as entry element Hansard Society for Parliamentary Government.
9 (RLIN) 128873
942 ## - ADDED ENTRY ELEMENTS (KOHA)
Source of classification or shelving scheme Dewey Decimal Classification
Koha item type Books
Holdings
Lost status Source of classification or shelving scheme Damaged status Not for loan Collection code Permanent Location Current Location Shelving location Date acquired Source of acquisition Cost, normal purchase price Total Checkouts Full call number Date last seen Copy number Koha item type
  Dewey Decimal Classification     Non-fiction Central Library, University of Rajshahi Central Library, University of Rajshahi   07/01/1959 Pak. law house 24.60   328.42 HAP 1959 02/08/2016 C-2 Books